000 01204pam a2200385 i 4500
001 vtls000851412
003 PNM
005 20210510232325.0
008 180413s2017 my g 000 f may d
015 _aM18-14198
020 _a9789672102267
_qpaperback
_cRM23.00
039 9 _a201902131630
_bsiti
_c201901071214
_draihan
_c201812030822
_dmaznah_m
_c201810310923
_dety
040 _aBNM
_beng
_cBNM
_dPNM
_dPPAK
_erda
049 _aklpmal
082 0 4 _a899.2333
_223
090 0 0 _a899.2333
_bRIS
_dG
100 0 _aRissa Ahdiya,
_eauthor.
245 1 0 _aTulis Nama Atas Batu /
_cRissa Ahdiya
264 1 _aBandar Tun Hussein Onn, Selangor :
_bPenulisan Enterprise,
_c[2017?]
300 _aiii, 551 pages ;
_c19 cm
336 _atext
_2rdacontent
337 _aunmediated
_2rdamedia
338 _avolume
_2rdacarrier
500 _aThis novel is given by Farana Books Resources.
650 1 4 _aMalay fiction (Malay)
650 2 0 _aMalay fiction
942 _2ddc
_cB
949 _62000670887
_aRIS M
949 _62000670885
_aRIS M
949 _62000670886
_aRIS M
949 _62000421264
_a899.2333 RIS M
949 _62000421265
_a899.2333 RIS M
949 _61001364362
949 _61001364363
999 _c172104
_d172104